Statistics for Second Level Subdivisions of Canada

Click here to take the quiz!

General Stats

  • This quiz has been taken 27 times
    (20 since last reset)
  • The average score is 16 of 662

Answer Stats

ProvinceSubdivision% Correct
OntarioToronto
75%
QuebecMontreal
56%
OntarioOttawa
56%
OntarioHamilton
38%
Manitoba | New Brunswick | Nova ScotiaVictoria
38%
ManitobaDivision 1
25%
ManitobaDivision 2
25%
ManitobaDivision 3
25%
ManitobaDivision 4
25%
ManitobaDivision 5
25%
ManitobaDivision 6
25%
ManitobaDivision 7
25%
ManitobaDivision 8
25%
ManitobaDivision 9
25%
Nova ScotiaHalifax
25%
New BrunswickAlbert
19%
New BrunswickCharlotte
19%
Newfoundland and LabradorDistrict 1
19%
Newfoundland and LabradorDistrict 10
19%
Newfoundland and LabradorDistrict 11
19%
Newfoundland and LabradorDistrict 2
19%
Newfoundland and LabradorDistrict 3
19%
Newfoundland and LabradorDistrict 4
19%
Newfoundland and LabradorDistrict 5
19%
Newfoundland and LabradorDistrict 6
19%
Newfoundland and LabradorDistrict 7
19%
Newfoundland and LabradorDistrict 8
19%
Newfoundland and LabradorDistrict 9
19%
ManitobaDivision 10
19%
OntarioGreater Sudbury
19%
SaskatchewanHudson Bay
19%
Prince Edward IslandPrince
19%
AlbertaSpecial Area No. 2
19%
AlbertaSpecial Area No. 3
19%
AlbertaSpecial Area No. 4
19%
OntarioSudbury
19%
OntarioThunder Bay
19%
ManitobaWinnipeg
19%
YukonYukon
19%
QuebecChaudière-Appalaches
13%
OntarioDurham
13%
Ontario | SaskatchewanHuron
13%
SaskatchewanKey West
13%
New Brunswick | Nova Scotia | Prince Edward IslandKings
13%
QuebecLaval
13%
QuebecMontérégie
13%
OntarioNiagara
13%
New Brunswick | Nova Scotia | Prince Edward IslandQueens
13%
QuebecSaguenay–Lac-Saint-Jean
13%
New BrunswickSaint John
13%
SaskatchewanSaint Louis
13%
AlbertaSaint Paul
13%
SaskatchewanAberdeen
6%
SaskatchewanAbernathy
6%
QuebecAbitibi-Témiscamingue
6%
OntarioAlgoma
6%
SaskatchewanAntelope Park
6%
SaskatchewanArlington
6%
QuebecBas-Saint-Laurent
6%
AlbertaBeaver
6%
SaskatchewanBrock
6%
SaskatchewanCana
6%
Nova ScotiaCape Breton
6%
British ColumbiaCapital
6%
QuebecCapitale-Nationale
6%
QuebecCentre-du-Québec
6%
OntarioCochrane
6%
SaskatchewanCote
6%
QuebecCôte-Nord
6%
Nova ScotiaCumberland
6%
Nova ScotiaDigby
6%
QuebecEstrie
6%
QuebecGaspésie–Îles-de-la-Madeleine
6%
SaskatchewanGrant
6%
SaskatchewanHarris
6%
QuebecLanaudière
6%
QuebecLaurentides
6%
ManitobaMacdonald
6%
QuebecMauricie
6%
QuebecNord-du-Quebec
6%
ManitobaOakland–Wawanesa
6%
QuebecOutaouais
6%
OntarioPeel
6%
Nova ScotiaRichmond
6%
Manitoba | SaskatchewanSaint Andrews
6%
ManitobaSaint Laurent
6%
SaskatchewanSaint Peter
6%
SaskatchewanSarnia
6%
OntarioSimcoe
6%
Alberta | British ColumbiaStrathcona
6%
New BrunswickSunbury
6%
ManitobaThe Pas
6%
OntarioTimiskaming
6%
OntarioWaterloo
6%
Nova ScotiaYarmouth
6%
New Brunswick | OntarioYork
6%
AlbertaAcadia
0%
British ColumbiaAlberni–Clayoquot
0%
ManitobaAlborg
0%
ManitobaAlexander
0%
ManitobaAlonsa
0%
ManitobaAltona
0%
Nova ScotiaAnnapolis
0%
Nova ScotiaAntigonish
0%
SaskatchewanAntler
0%
SaskatchewanArborfield
0%
ManitobaArgyle
0%
SaskatchewanArm River
0%
AlbertaAthabasca
0%
SaskatchewanAuvergne
0%
SaskatchewanBaildon
0%
AlbertaBanff
0%
AlbertaBarrhead
0%
SaskatchewanBarrier Valley
0%
SaskatchewanBattle River
0%
SaskatchewanBayne
0%
ManitobaBeausejour
0%
SaskatchewanBeaver River
0%
SaskatchewanBengough
0%
SaskatchewanBenson
0%
ManitobaBifrost–Riverton
0%
SaskatchewanBig Arm
0%
SaskatchewanBiggar
0%
AlbertaBighorn
0%
AlbertaBig Lakes
0%
SaskatchewanBig Quill
0%
SaskatchewanBig River
0%
SaskatchewanBig Stick
0%
Alberta | SaskatchewanBirch Hills
0%
SaskatchewanBjorkdale
0%
SaskatchewanBlaine Lake
0%
SaskatchewanBlucher
0%
ManitobaBoissevain–Morton
0%
SaskatchewanBone Creek
0%
AlbertaBonnyville
0%
ManitobaBrandon
0%
OntarioBrant
0%
SaskatchewanBratt's Lake
0%
AlbertaBrazeau
0%
ManitobaBrenda–Waskada
0%
SaskatchewanBrittania
0%
ManitobaBrokenhead
0%
SaskatchewanBrokenshell
0%
SaskatchewanBrowning
0%
OntarioBruce
0%
SaskatchewanBuchanan
0%
SaskatchewanBuckland
0%
SaskatchewanBuffalo
0%
British ColumbiaBulkley–Nechako
0%
SaskatchewanCalder
0%
SaskatchewanCaledonia
0%
SaskatchewanCambria
0%
AlbertaCamrose
0%
SaskatchewanCanaan
0%
SaskatchewanCanwood
0%
ManitobaCarberry
0%
AlbertaCardston
0%
British ColumbiaCariboo
0%
New BrunswickCarleton
0%
ManitobaCarman
0%
SaskatchewanCarmichael
0%
SaskatchewanCaron
0%
ManitobaCartier
0%
ManitobaCartwright–Roblin
0%
British ColumbiaCentral Coast
0%
British ColumbiaCentral Kootenay
0%
British ColumbiaCentral Okanagan
0%
SaskatchewanChaplin
0%
OntarioChatham-Kent
0%
SaskatchewanChester
0%
SaskatchewanChesterfield
0%
SaskatchewanChurchbridge
0%
ManitobaChurchill
0%
ManitobaClanwilliam–Erickson
0%
SaskatchewanClayton
0%
AlbertaClear Hills
0%
AlbertaClearwater
0%
SaskatchewanClinworth
0%
SaskatchewanCoalfields
0%
Nova ScotiaColchester
0%
ManitobaColdwell
0%
SaskatchewanColonsay
0%
British ColumbiaColumbia–Shuswap
0%
British ColumbiaComox Valley
0%
SaskatchewanConnaught
0%
SaskatchewanCorman Park
0%
ManitobaCornwallis
0%
SaskatchewanCoteau
0%
SaskatchewanCoulee
0%
British ColumbiaCowichan Valley
0%
SaskatchewanCraik
0%
AlbertaCrowsnest Pass
0%
SaskatchewanCupar
0%
SaskatchewanCut Knife
0%
SaskatchewanCymri
0%
AlbertaCypress
0%
ManitobaDauphin
0%
ManitobaDauphin City
0%
SaskatchewanDeer Forks
0%
Northern TerritoriesDehcho
0%
ManitobaDeloraine–Winchester
0%
ManitobaDe Salaberry
0%
SaskatchewanDouglas
0%
SaskatchewanDuck Lake
0%
Manitoba | Ontario | SaskatchewanDufferin
0%
OntarioDundas and Glengarry
0%
SaskatchewanDundurn
0%
ManitobaDunnottar
0%
SaskatchewanEagle Creek
0%
British ColumbiaEast Kootenay
0%
ManitobaEast Saint Paul
0%
SaskatchewanEdenwold
0%
SaskatchewanElcapo
0%
SaskatchewanEldon
0%
SaskatchewanElfros
0%
OntarioElgin
0%
AlbertaElk Island
0%
ManitobaEllice-Archie
0%
SaskatchewanElmsthorpe
0%
SaskatchewanEmerald
0%
ManitobaEmerson–Franklin
0%
SaskatchewanEnfield
0%
SaskatchewanEnniskillen
0%
SaskatchewanEnterprise
0%
OntarioEssex
0%
SaskatchewanEsteven
0%
ManitobaEthelbert
0%
SaskatchewanExcel
0%
SaskatchewanExcelsior
0%
SaskatchewanEyebrow
0%
SaskatchewanEye Hill
0%
AlbertaFairview
0%
SaskatchewanFertile Valley
0%
SaskatchewanFillmore
0%
ManitobaFisher
0%
AlbertaFlagstaff
0%
SaskatchewanFlett's Springs
0%
ManitobaFlin Flon
0%
SaskatchewanFoam Lake
0%
AlbertaFoothills
0%
AlbertaForty Mile
0%
SaskatchewanFox Valley
0%
SaskatchewanFrancis
0%
British ColumbiaFraser–Fort George
0%
British ColumbiaFraser Valley
0%
SaskatchewanFrenchman Butte
0%
OntarioFrontenac
0%
SaskatchewanFrontier
0%
SaskatchewanGarden River
0%
SaskatchewanGarry
0%
ManitobaGilbert Plains
0%
ManitobaGillam
0%
ManitobaGimli
0%
SaskatchewanGlen Bain
0%
ManitobaGlenboro–South Cypress
0%
ManitobaGlenella–Lansdowne
0%
SaskatchewanGlen McPherson
0%
SaskatchewanGlenside
0%
New BrunswickGloucester
0%
SaskatchewanGolden West
0%
SaskatchewanGood Lake
0%
ManitobaGrahamdale
0%
AlbertaGrand Prairie
0%
ManitobaGrand Rapids
0%
Manitoba | SaskatchewanGrandview
0%
SaskatchewanGrass Lake
0%
ManitobaGrassland
0%
SaskatchewanGrassy Creek
0%
SaskatchewanGravelbourg
0%
SaskatchewanGrayson
0%
SaskatchewanGreat Bend
0%
AlbertaGreenview
0%
ManitobaGrey
0%
SaskatchewanGriffin
0%
SaskatchewanGull Lake
0%
Nova ScotiaGuysborough
0%
OntarioHaldimand-Norfolk
0%
OntarioHaliburton
0%
OntarioHalton
0%
ManitobaHamiota
0%
ManitobaHanover
0%
Nova ScotiaHants
0%
SaskatchewanHappyland
0%
SaskatchewanHappy Valley
0%
ManitobaHarrison Park
0%
SaskatchewanHart Butte
0%
OntarioHastings
0%
SaskatchewanHazel Dell
0%
SaskatchewanHazelwood
0%
SaskatchewanHeart's Hill
0%
SaskatchewanHillsborough
0%
SaskatchewanHillsdale
0%
SaskatchewanHoodoo
0%
SaskatchewanHumboldt
0%
SaskatchewanIndian Head
0%
SaskatchewanInsinger
0%
Northern TerritoriesInuvik
0%
SaskatchewanInvergordon
0%
SaskatchewanInvermay
0%
Nova ScotiaInverness
0%
SaskatchewanItuna Bon Accord
0%
AlbertaJasper
0%
AlbertaJasper National Park Special Reserve
0%
AlbertaKananaskis
0%
OntarioKawartha Lakes
0%
SaskatchewanKellross
0%
SaskatchewanKelvington
0%
OntarioKenora
0%
New BrunswickKent
0%
SaskatchewanKeys
0%
ManitobaKillarney-Turtle Mountain
0%
SaskatchewanKindersley
0%
SaskatchewanKing George
0%
SaskatchewanKingsley
0%
SaskatchewanKinistino
0%
NunavutKitikmeot
0%
British ColumbiaKitimat–Stikine
0%
NunavutKivalliq
0%
AlbertaKneehill
0%
British ColumbiaKootenay Boundary
0%
ManitobaLa Broquerie
0%
SaskatchewanLacadena
0%
ManitobaLac du Bonnet
0%
ManitobaLac du Bonnet City
0%
AlbertaLac la Biche
0%
AlbertaLacombe
0%
SaskatchewanLac Pelletier
0%
AlbertaLac Ste. Anne
0%
SaskatchewanLaird
0%
SaskatchewanLajord
0%
SaskatchewanLake Alma
0%
SaskatchewanLake Johnson
0%
SaskatchewanLakeland
0%
SaskatchewanLake Lenore
0%
SaskatchewanLake of the Rivers
0%
ManitobaLakeshore
0%
SaskatchewanLakeside
0%
SaskatchewanLakeview
0%
OntarioLambton
0%
AlbertaLamont
0%
OntarioLanark
0%
SaskatchewanLangenburg
0%
SaskatchewanLast Mountain
0%
SaskatchewanLaurier
0%
SaskatchewanLawtonia
0%
ManitobaLeaf Rapids
0%
SaskatchewanLeask
0%
AlbertaLeduc
0%
OntarioLeeds and Grenville
0%
OntarioLennox and Addington
0%
SaskatchewanLeroy
0%
AlbertaLesser Slave River
0%
AlbertaLethbridge
0%
SaskatchewanLipton
0%
SaskatchewanLivingston
0%
SaskatchewanLomond
0%
SaskatchewanLone Tree
0%
SaskatchewanLonglaketon
0%
SaskatchewanLoon Lake
0%
SaskatchewanLoreburn
0%
ManitobaLorne
0%
SaskatchewanLost River
0%
ManitobaLouise
0%
SaskatchewanLumsden
0%
Nova ScotiaLunenburg
0%
ManitobaLynn Lake
0%
AlbertaMackenzie
0%
New BrunswickMadawaska
0%
SaskatchewanManitou Lake
0%
SaskatchewanMankota
0%
OntarioMantoulin
0%
SaskatchewanMaple Bush
0%
SaskatchewanMaple Lake
0%
SaskatchewanMariott
0%
SaskatchewanMariposa
0%
SaskatchewanMarquis
0%
SaskatchewanMartin
0%
SaskatchewanMaryfield
0%
SaskatchewanMayfield
0%
SaskatchewanMcCraney
0%
ManitobaMcCreary
0%
SaskatchewanMcKillop
0%
SaskatchewanMcLeod
0%
SaskatchewanMeadow Lake
0%
SaskatchewanMedstead
0%
SaskatchewanMeeting Lake
0%
ManitobaMelita
0%
SaskatchewanMeota
0%
SaskatchewanMervin
0%
British ColumbiaMetro Vancouver
0%
OntarioMiddlesex
0%
SaskatchewanMilden
0%
SaskatchewanMilton
0%
AlbertaMinburn
0%
ManitobaMinitonas–Bowsman
0%
ManitobaMinnedosa
0%
ManitobaMinto–Odanah
0%
SaskatchewanMiry Creek
0%
SaskatchewanMonet
0%
ManitobaMontcalm
0%
SaskatchewanMontmartre
0%
SaskatchewanMontrose
0%
SaskatchewanMoose Creek
0%
SaskatchewanMoose Jaw
0%
SaskatchewanMoose Mountain
0%
SaskatchewanMoose Range
0%
SaskatchewanMoosomin
0%
ManitobaMorden
0%
Manitoba | SaskatchewanMorris
0%
SaskatchewanMorse
0%
ManitobaMossey River
0%
ManitobaMountain
0%
Alberta | SaskatchewanMountain View
0%
SaskatchewanMount Hope
0%
SaskatchewanMount Pleasant
0%
British ColumbiaMount Waddington
0%
OntarioMuskoka
0%
British ColumbiaNanaimo
0%
ManitobaNeepawa
0%
SaskatchewanNewcombe
0%
AlbertaNewell
0%
SaskatchewanNipawin
0%
OntarioNipissing
0%
ManitobaNiverville
0%
ManitobaNorfolk Treherne
0%
SaskatchewanNorth Battleford
0%
British ColumbiaNorth Coast
0%
ManitobaNorth Cypress–Langford
0%
AlbertaNorthern Lights
0%
British ColumbiaNorthern Rockies
0%
SaskatchewanNorthern Saskatchewan
0%
AlbertaNorthern Sunrise
0%
ManitobaNorth Norfolk
0%
British ColumbiaNorth Okanagan
0%
SaskatchewanNorth Qu'Appelle
0%
Northern TerritoriesNorth Slave
0%
New Brunswick | OntarioNorthumberland
0%
SaskatchewanNorton
0%
SaskatchewanOakdale
0%
ManitobaOakview
0%
British ColumbiaOkanagan–Similkameen
0%
SaskatchewanOld Post
0%
AlbertaOpportunity
0%
SaskatchewanOrkney
0%
OntarioOxford
0%
SaskatchewanPaddockwood
0%
AlbertaPaintearth
0%
SaskatchewanParkdale
0%
AlbertaParkland
0%
OntarioParry Sound
0%
SaskatchewanPaynton
0%
AlbertaPeace
0%
British ColumbiaPeace River
0%
ManitobaPembina
0%
SaskatchewanPense
0%
SaskatchewanPerdue
0%
OntarioPerth
0%
OntarioPeterborough
0%
SaskatchewanPiapot
0%
Nova ScotiaPictou
0%
AlbertaPincher Creek
0%
ManitobaPiney
0%
SaskatchewanPinto Creek
0%
ManitobaPipestone
0%
SaskatchewanPittville
0%
SaskatchewanPleasantdale
0%
SaskatchewanPleasant Valley
0%
SaskatchewanPonass Lake
0%
AlbertaPonoka
0%
SaskatchewanPoplar Valley
0%
SaskatchewanPorcupine
0%
ManitobaPortage la Prairie
0%
SaskatchewanPrairiedale
0%
ManitobaPrairie Lakes
0%
SaskatchewanPrairie Rose
0%
ManitobaPrairie View
0%
SaskatchewanPreeceville
0%
OntarioPrescott and Russell
0%
SaskatchewanPrince Albert
0%
OntarioPrince Edward
0%
SaskatchewanProgress
0%
AlbertaProvost
0%
British ColumbiaQathet
0%
NunavutQikiqtaaluk
0%
OntarioRainy River
0%
AlbertaRanchland
0%
SaskatchewanReciprocity
0%
SaskatchewanRedberry
0%
SaskatchewanRedburn
0%
AlbertaRed Deer
0%
SaskatchewanReford
0%
OntarioRenfrew
0%
SaskatchewanReno
0%
New BrunswickRestigouche
0%
ManitobaReynolds
0%
ManitobaRhineland
0%
ManitobaRiding Mountain West
0%
ManitobaRitchdot
0%
ManitobaRiverdale
0%
SaskatchewanRiverside
0%
ManitobaRoblin
0%
SaskatchewanRocanville
0%
ManitobaRockwood
0%
AlbertaRocky View
0%
SaskatchewanRodgers
0%
ManitobaRoland
0%
Manitoba | SaskatchewanRosedale
0%
SaskatchewanRosemount
0%
ManitobaRossburn
0%
ManitobaRosser
0%
SaskatchewanRosthern
0%
SaskatchewanRound Hill
0%
SaskatchewanRound Valley
0%
SaskatchewanRudy
0%
ManitobaRussell–Binscarth
0%
AlbertaSaddle Hills
0%
Northern TerritoriesSahtu
0%
ManitobaSaint Anne
0%
ManitobaSaint Anne City
0%
ManitobaSaint Clements
0%
ManitobaSaint François Xavier
0%
SaskatchewanSaint Phillips
0%
ManitobaSaint-Pierre-Jolys
0%
ManitobaSaint Rose
0%
SaskatchewanSaltcoats
0%
SaskatchewanSaskatchewan Landing
0%
SaskatchewanSasman
0%
SaskatchewanScott
0%
ManitobaSelkirk
0%
SaskatchewanSenlac
0%
SaskatchewanShamrock
0%
Nova ScotiaShelburne
0%
SaskatchewanShellbrook
0%
SaskatchewanSherwood
0%
ManitobaSifton
0%
SaskatchewanSilverwood
0%
SaskatchewanSliding Hills
0%
AlbertaSmoky Lake
0%
AlbertaSmoky River
0%
SaskatchewanSnipe Lake
0%
ManitobaSnow Lake
0%
ManitobaSouris–Glenwood
0%
SaskatchewanSouris Valley
0%
SaskatchewanSouth Qu'Appelle
0%
Northern TerritoriesSouth Slave
0%
SaskatchewanSpalding
0%
AlbertaSpirit River
0%
SaskatchewanSpiritwood
0%
ManitobaSpringfield
0%
SaskatchewanSpy Hill
0%
British ColumbiaSquamish–Lillooet
0%
Manitoba | SaskatchewanStanley
0%
SaskatchewanStar City
0%
AlbertaStarland
0%
ManitobaSteinbach
0%
AlbertaStettler
0%
British ColumbiaStikine
0%
SaskatchewanStonehenge
0%
ManitobaStonewall
0%
SaskatchewanStorthoaks
0%
ManitobaStuartburn
0%
AlbertaSturgeon
0%
British ColumbiaSunshine Coast
0%
SaskatchewanSurprise Valley
0%
SaskatchewanSutton
0%
ManitobaSwan River
0%
ManitobaSwan Valley West
0%
SaskatchewanSwift Current
0%
AlbertaTaber
0%
ManitobaTache
0%
SaskatchewanTecumseh
0%
ManitobaTeulon
0%
SaskatchewanThe Gap
0%
ManitobaThompson
0%
ManitobaThompson City
0%
British ColumbiaThompson–Nicola
0%
AlbertaThorhild
0%
SaskatchewanThree Lakes
0%
SaskatchewanTisdale
0%
SaskatchewanTorch River
0%
SaskatchewanTouchwood
0%
SaskatchewanTramping Lake
0%
SaskatchewanTullymet
0%
SaskatchewanTurtle River
0%
ManitobaTwo Borders
0%
AlbertaTwo Hills
0%
SaskatchewanUsborne
0%
SaskatchewanVal Marie
0%
SaskatchewanVanscoy
0%
AlbertaVermillion River
0%
ManitobaVictoria Beach
0%
SaskatchewanVictory
0%
ManitobaVirden
0%
SaskatchewanViscount
0%
AlbertaVulcan
0%
AlbertaWainright
0%
SaskatchewanWallace
0%
ManitobaWallace–Woodworth
0%
SaskatchewanWalpole
0%
AlbertaWarner
0%
AlbertaWaterton
0%
SaskatchewanWaverley
0%
SaskatchewanWawken
0%
SaskatchewanWebb
0%
Ontario | SaskatchewanWellington
0%
ManitobaWest Interlake
0%
ManitobaWest Lake–Gladstone
0%
AlbertaWestlock
0%
New BrunswickWestmoreland
0%
ManitobaWest Saint Paul
0%
AlbertaWetaskiwin
0%
SaskatchewanWeyburn
0%
AlbertaWheatland
0%
SaskatchewanWheatlands
0%
SaskatchewanWhiska Creek
0%
ManitobaWhitehead
0%
ManitobaWhitemouth
0%
SaskatchewanWhite Valley
0%
AlbertaWillmore Wilderness
0%
SaskatchewanWillner
0%
SaskatchewanWillow Bunch
0%
Alberta | SaskatchewanWillow Creek
0%
SaskatchewanWillowdale
0%
SaskatchewanWilton
0%
ManitobaWinnipeg Beach
0%
SaskatchewanWinslow
0%
SaskatchewanWise Creek
0%
SaskatchewanWolseley
0%
SaskatchewanWolverine
0%
AlbertaWood Buffalo
0%
SaskatchewanWood Creek
0%
Alberta | ManitobaWoodlands
0%
SaskatchewanWood River
0%
SaskatchewanWreford
0%
ManitobaWrinkler
0%
Alberta | ManitobaYellowhead
0%

Score Distribution

Percentile by Number Answered

Percent of People with Each Score

Your Score History

You have not taken this quiz since the last reset